000 00492nam a2200181Ia 4500
008 090124s9999 xx 000 0 und d
082 _b23144
100 _aसखाराम शंकर
245 _a घुगाट
250 _a1
260 _bपरिमल प्रकाशन
_c1985
300 _a165
600 _aसखाराम शंकर
630 _a घुगाट
700 _aसखाराम शंकर
730 _a घुगाट
942 _cBOOK
999 _c92104
_d92104